000 00719nam a2200181Ia 4500
003 OSt
005 20251010151105.0
008 240429s9999||||xx |||||||||||||| ||und||
041 _aeng
082 _aCR/MSCA/02
100 _aSelect Committee on Roads and Transport
245 0 _aReport of The Select Committee on Roads and Transport On the Memorandum of Understanding on Port State Control for West and Central Africa-Abuja Mou
260 _bSelect Committee on Roads and Transport
_aAccra
_c2002
300 _a6p
650 _aReport of The Select Committee on Roads and Transport On the Memorandum of Understanding - Port State Control for West and Central Africa-Abuja Mou
942 _cCR
_2ddc
_n0
999 _c1731
_d1731